书目信息 |
| 题名: |
信息化城市
|
|
| 作者: | 卡斯泰尔 著 | |
| 分册: | ||
| 出版信息: | 南京 江苏人民出版社 2001.09 |
|
| 页数: | 452页 | |
| 开本: | 19cm | |
| 丛书名: | ||
| 单 册: | ||
| 中图分类: | C912.81 | |
| 科图分类: | ||
| 主题词: | 社会结构 , 社会关系 | |
| 电子资源: | ||
| ISBN: | 7-214-02999-5 | |
| 000 | 00572nam0 2200205 45 | |
| 001 | 0355902246 | |
| 005 | 2003042515314224 | |
| 010 | @a7-214-02999-5@dRMB 24.00 | |
| 100 | @a20030425d2001 km y0chiy0120 ea | |
| 101 | 0 | @achi |
| 102 | @aCN@b320000 | |
| 200 | 1 | @a信息化城市@Axin xi hua cheng shi@f(美)卡斯泰尔著@F(mei)ka si tai er zhu |
| 210 | @a南京@c江苏人民出版社@d2001.09 | |
| 215 | @a452页@d19cm | |
| 606 | 0 | @a社会结构 |
| 606 | 0 | @a社会关系 |
| 690 | @aC912.81@v4 | |
| 701 | 0 | @a卡斯泰尔@Aka si tai er@4著 |
| 801 | 0 | @aCN@bPFT@c20030425 |
| 905 | @a10447@dC912.81@eK090 | |
| 信息化城市/(美)卡斯泰尔著.-南京:江苏人民出版社,2001.09 |
| 452页;19cm |
| ISBN 7-214-02999-5:RMB 24.00 |
| ● |
| 相关链接 |
|
|
|
正题名:信息化城市
索取号:C912.81/K090
 
预约/预借
| 序号 | 登录号 | 条形码 | 馆藏地/架位号 | 状态 | 备注 |
| 1 | 366399 | 203663990 | 社科库509/509社科库 60排1列4层/ [索取号:C912.81/K090] | 在馆 |